000 01605nam0a22002891 4500
001 rc\4794651
005 20260407122512.0
021 _aRU
_b[64-70728]
035 _a(NLR Aleph) 008868348
090 _a8505308
_c8505308
100 _a20130426d1964 |||y0rusy50 ca
101 0 _arus
102 _aRU
105 _ay z |||||
200 1 _aЧтение в начальных классах
_e(Из опыта работы)
_fМ-во нар. образования Молд. ССР. Ин-т усовершенствования квалификации учителей
210 _aКишинев
_cПартиздат
_d1964
215 _a32 с.
_d14
327 1 _aСодерж.: Воспитательная работа на уроках чтения / А.Н. Тарновицкая. Внеклассное чтение / З.А. Жабина
464 0 _12001#$aВнеклассное чтение
_1700#1$aЖабина$bЗ.А.
_tВнеклассное чтение
_aЖабина, З.А.
464 0 _12001#$aВоспитательная работа на уроках чтения
_1700#1$aТарновицкая$bА.Н.
_tВоспитательная работа на уроках чтения
_aТарновицкая, А.Н.
606 _aЧтение
_xМетодика обучения
_2psbo
712 0 2 _aМолдавский республиканский институт усовершенствования учителей
_cКишинев
_9414652
_3RU\NLR\AUTH\889959243
801 0 _aRU
_bNLR
_gpsbo
801 1 _aRU
_bELAR
_2rusmarc
852 _aNLR
_j64-1/931
942 _cBOOK
980 _aNB